Co zabieramy na wakacje? - Statystyki

Ogólne statystyki
  • Ten quiz został rozwiązany 457 razy
    433 od ostatniego zresetowania
  • Średni wynik to 3 z 16
Statystyki odpowiedzi
Odpowiedzi % Poprawnych
Telefon
61%
Walizkę
48%
Plecak
38%
Strój kąpielowy
38%
Dokumenty
30%
Okulary przeciwsłoneczne
30%
Kosmetyki
24%
Leki
10%
Mapę
10%
Powerbank
6%
Apteczka
5%
Kompas
5%
Kosmetyczka
5%
Ciepłe Ubrania
1%
Karta Płatnicza
1%
Letnie Ubrania
1%
Nie znaleziono quizów pasujących do podanych kryteriów
Rozkład punktacji
Procent ludzi z każdym wynikiem
Percentyl według liczby udzielonych odpowiedzi
Twoja historia wyników
Nie rozwiązałeś tego quizu od ostatniego zresetowania